| 000 | 00839na a2200265 4500 | ||
|---|---|---|---|
| 001 | 14571 | ||
| 003 | MIRAKIL | ||
| 005 | 20181213154837.0 | ||
| 008 | 161025b tu 000 0 | ||
| 035 | _a14571 | ||
| 040 |
_aMilas _btur _cTR-AnCHP |
||
| 041 | _atur | ||
| 082 |
_a327.1 _bO42 1974 |
||
| 090 | _a327.1 O42 1974 | ||
| 245 |
_aOlaylarla Türk dış politikası _b(1919-1973) _chazırlayanlar Mehmet Gönlübol... [ve öte.] |
||
| 250 | _agnşl. 3. bs. | ||
| 260 |
_aAnkara _bA.Ü. Siyasal Bilgiler Fakültesi _c1974 |
||
| 300 |
_axvi, 587 s. _c24 sm. |
||
| 490 |
_aAnkara Üniversitesi Siyasal Bilgiler Fakültesi Yayınları _v279 |
||
| 650 | _aSiyasal tarih | ||
| 650 |
_aCHP _xDış politika _y1923-1950 |
||
| 651 |
_aTürkiye _xSiyasal tarih |
||
| 651 |
_aTürkiye _xDış politika _yTarih _y1919-1973 |
||
| 942 |
_2ddc _cBKS |
||
| 999 |
_c1864 _d1864 |
||